00594nam a2200169 4500001000700000003000900007005001700016007000300033008004100036100003700077245006500114260005100179300002100230852003200251999001900283952012200302145011ES-MaACL20230906201139.0t|070214s1964 sp r ||||1| spa d1 aSosa Alamo, Sebastián.910743810aSin luz en la bahía b: poemas / cSebastián Sosa Alamo. aGáldar (Islas Canarias) : b[s. n.], c1964. a62 p. ; c18 cm. aES-MaACLjC-25716 bR.54478 c145011d145011 00104070aATENEOMbATENEOMcDEPO2d2008-01-17eSCl0oC-25716p1151373r2023-02-23 00:00:00w2023-02-23yMONOGRAFIA